000 01154nam a2200229Ii 4500
003 JO-AjNU
008 230605s9999||||xx |||||||||||||| ||und||
017 _a2012/9589
020 _a978-977-04-7003-9
040 _aJO-AjNU
_bara
_erda
_cJO-AjNU
041 _aara
050 1 4 _aKRM 4610.S972 2012
100 3 _aسرور، احمد فتحي,
_eauthor
_944775
245 0 0 _aالوسيط في قانون الاجراءات الجنائية في ضوء التعديلات التشريعية الحديثة : الاحكام العامة للاجراءات الجنائية - الاجراءات السابقة على المحاكمة - اجراءات المحاكمة - طرق الطعن العادية في الاحكام - الطعن بالنقض - طلب اعادة النظر
250 _aط8 مطورة ومحدثة
264 3 1 _aالقاهرة: دار النهضة العربية، 2012
300 _a1880ص
_bيحتوي على فهرس من ص 1775-1880ص
336 _atext
_btxt
_2rdacontent
337 _aunmediated
_bn
_2rdamedia
338 _avolume
_bnc
_2rdacarrier
650 4 _aقضاء جنائي -مصر -قانون جنائي
_944776
999 _aA19359
_c22927
_d22927